Neymar - Capital Bra - Lyrics Songtext - Statistiken

Allgemein
  • Dieses Quiz wurde 265 mal gespielt
  • Das Durchschnittsergebnis liegt bei 309 aus 499
Antwortstatistiken
Antwort % Korrekt
ich
99%
Ich
99%
'ne
97%
Neymar
97%
bin
93%
Bin
93%
so
93%
wie
93%
der
92%
Der
92%
Und
92%
und
92%
Star
91%
ein
90%
ein'
90%
Täter
90%
die
89%
Die
89%
Doch
88%
doch
88%
war
88%
heut
86%
heut'
86%
Richter
85%
an
84%
Sie
84%
sie
84%
auf
81%
leckt
81%
mein
81%
schreit
81%
Yarak
81%
Yarak
80%
Paper
79%
mei'm
78%
Kahba
75%
Beyda
71%
meine
70%
Yarak
70%
aus
67%
das
67%
wir
64%
du
61%
Du
61%
nicht
60%
nicht (ey)
60%
keine
59%
Gegner
57%
komm
57%
Komm'
57%
Komm
57%
sitz'
57%
Thema
56%
Leder
55%
breit
54%
in
54%
Ja
54%
ja
54%
ja, ja
54%
wechseln
54%
Weit
54%
will
54%
22-Zoll
53%
Ach
53%
Räder
53%
Sitze
53%
22-Zoll
52%
für
52%
Zu
51%
Bra
50%
mich
50%
mir
50%
geh'
49%
wenn
48%
Wenn
48%
2Pac
47%
Benz
47%
Bruder
47%
hab'
47%
ist
47%
es
46%
Es
46%
fahre
46%
Fahre
46%
rauch'
46%
um
46%
im
45%
kennst
45%
Rest
45%
außer
44%
Bau'
44%
Umsatz
44%
geht
43%
Nenn
43%
Sag
43%
vor
42%
gebunkert
41%
meiner
41%
Welt
41%
den
40%
Hälfte
40%
ihn
40%
wer
40%
zur
40%
Alle
38%
geht's
38%
mach'
38%
'nem
38%
Hier
37%
Gucci-Boutique
36%
alles
35%
Diamanten
35%
dunkel
34%
'Rari
34%
bei
33%
Beef?
32%
durch
32%
heute
32%
Licht (ey)
32%
Roll'
32%
Roll
32%
uns
32%
am
31%
bis
31%
gut
31%
jetzt
30%
sind
30%
ab
29%
Album
29%
Antwerpen
29%
Denn
29%
genug
29%
Ler
29%
noch
29%
Nur
29%
nur
29%
Para
29%
sah
29%
schieß
29%
sterben
29%
was
29%
werde
29%
Bali
28%
baller'
28%
Freunden
28%
Käppi
28%
krieg'
28%
Kripo
28%
Versteck'
28%
weg
28%
Batzen
27%
Dass
27%
ein'n
27%
ey
27%
Gericht
27%
leugnen
27%
Mache
27%
Straßen
27%
sucht
27%
tief
27%
Urlaub
27%
Zeugen
27%
zieh'
27%
bedroh'
26%
Beweise
26%
Cash
26%
Kolleg
26%
lila
26%
meinen
26%
nein
26%
Scheine
26%
schmeckt
26%
besser
25%
bunt
25%
easy
25%
frisch
25%
los
25%
Mund
25%
von
25%
Bitch
24%
bleiben
24%
mit
24%
vergessen
24%
Brett
23%
Ihr
23%
Kies
23%
Baba-Weed
22%
Gas
22%
Jeder
22%
Kiez
22%
locker
22%
Song
22%
Barbie
21%
Bescheid
21%
euch
21%
gebe
21%
Head
21%
Playboy
21%
Stay High
21%
Sterne
21%
wisst
21%
Carti
20%
hältst
20%
keiner
20%
oh
20%
Oh, no no no
20%
Respekt
20%
täglich
20%
versteht
20%
Acker
19%
Auch
19%
Hits
19%
Wagen
19%
warte
19%
Bros
18%
fett
18%
sein
18%
sich
18%
zum
17%
Ghetto-Massari
16%
Mond
16%
Spiel'
16%
Traue
16%
wenn's
16%
glänzen
15%
holt
15%
Hör'
15%
Digga
14%
flitzt
14%
Saruch
14%
Fliegen
13%
Flows
13%
klau'n
12%
mein'n
12%
rauf
12%
Keine übereinstimmenden Quizze gefunden
Verteilung der Resultate
Anzahl Personen mit jedem Resultat
Perzentil nach korrekt beantworteten Fragen
Ihre Resultats-Entwicklung
Sie haben dieses Quiz noch nicht gespielt